00342nam a2200121Ia 4500003000400000008004100004040001600045082001500061245006100076260006700137300001100204490000500215GCL140319s9999 xx 000 0 ara d aGCL / cGCL04a225bا ب10aبين حقائق العلم وبلاغة القران a[S.N] : bمطبعة الحسين الاسلامية ، c1992 a256 ص a